<?xml version="1.0" encoding="UTF-8"?>
<marc:record xmlns:marc="http://www.loc.gov/MARC21/slim">
   <marc:leader>00000nam a2200000 a 4500</marc:leader>
   <marc:datafield ind1="1" ind2=" " tag="100">
      <marc:subfield code="a">Heine, Helme</marc:subfield>
      <marc:subfield code="4">aut</marc:subfield>
      <marc:subfield code="e">Verfasser/-in</marc:subfield>
   </marc:datafield>
   <marc:datafield ind1="0" ind2="0" tag="245">
      <marc:subfield code="a">Toto der Schatzsucher</marc:subfield>
   </marc:datafield>
   <marc:datafield ind1="0" ind2="0" tag="245">
      <marc:subfield code="c">Heine, Helme</marc:subfield>
   </marc:datafield>
   <marc:datafield ind1=" " ind2="1" tag="264">
      <marc:subfield code="a">Weinheim</marc:subfield>
      <marc:subfield code="b">Beltz und Gelberg</marc:subfield>
      <marc:subfield code="c">2010</marc:subfield>
   </marc:datafield>
   <marc:datafield ind1="1" ind2=" " tag="520">
      <marc:subfield code="a">Toto ist der neue Held von Helme Heine. Wer kennt ihn und seine "Freunde" nicht? Der kleine Hase Toto ist genauso liebenswert wie seine Vorgänger. Toto sucht einen Schatz. Er holt  Eimer und Spaten aus dem Schuppen, verabschiedet sich und macht sich auf den Weg. Er arbeitet als Schatzgräber und Gärtner, schuftet am Fließband und zaubert im Zirkus und arbeitet als Briefträger. Den Schatz hat er aber nicht gefunden. Alles braucht seine Zeit! Erst die Flaschenpost, die niemandem gehört, öffnet ihm die Augen. Jetzt weiß er, wohin er gehen muss, um seinen Schatz zu finden.  Er ist sehr liebenswert, unser kleiner Freund,  man muss dieses Buch einfach lesen oder vorlesen. Es ist schön bebildert, sodass sicher auch Erstleser Freude daran finden. (ab 6)   *LHW.Lesen.Hören.Wissen* Isabella Costantini</marc:subfield>
   </marc:datafield>
   <marc:datafield ind1=" " ind2=" " tag="020">
      <marc:subfield code="a">9783407794321</marc:subfield>
      <marc:subfield code="9">9783407794321</marc:subfield>
   </marc:datafield>
   <marc:datafield ind1=" " ind2=" " tag="020">
      <marc:subfield code="a">3407794320</marc:subfield>
      <marc:subfield code="9">3407794320</marc:subfield>
   </marc:datafield>
   <marc:datafield ind1=" " ind2=" " tag="041">
      <marc:subfield code="a">ger</marc:subfield>
   </marc:datafield>
   <marc:datafield ind1=" " ind2=" " tag="300">
      <marc:subfield code="b">zahlr. Ill</marc:subfield>
   </marc:datafield>
   <marc:datafield ind1=" " ind2=" " tag="338">
      <marc:subfield code="a">Band</marc:subfield>
   </marc:datafield>
   <marc:datafield ind1=" " ind2=" " tag="300">
      <marc:subfield code="a">[68] S.</marc:subfield>
   </marc:datafield>
</marc:record>
